Jakie Państwo graniczy z ... #2 - Statystyki

Ogólne statystyki
  • Ten quiz został rozwiązany 25 razy
  • Średni wynik to 11 z 15
Statystyki odpowiedzi
Zagadnienie Odpowiedź % Poprawnych
... Grecją Macedonia Północna
100%
... Lesotho Republika Południowej Afryki
100%
... Libią Czad
83%
... Togo Ghana
83%
... Kuwejtem Irak
83%
... Serbią Rumunia
83%
... Ugandą Rwanda
83%
... Gujaną Surinam
83%
... Haiti Dominikana
67%
... Gwineą Równikową Gabon
67%
... Nepalem Indie
67%
... Panamą Kolumbia
67%
... Mongolią Rosja
67%
... Dżibuti Erytrea
50%
... Mjanmą Indie
33%
Nie znaleziono quizów pasujących do podanych kryteriów
Rozkład punktacji
Procent ludzi z każdym wynikiem
Percentyl według liczby udzielonych odpowiedzi
Twoja historia wyników
Nie rozwiązałeś tego quizu